| 000 | 00517nam a22001817a 4500 | ||
|---|---|---|---|
| 005 | 20251108171822.0 | ||
| 008 | 250721s1977 xx 000 0 ara d | ||
| 082 | 1 | 4 | _a411/محم |
| 100 | 1 | _aحموده، محمود عباس | |
| 245 | 1 | 0 | _aدراسات في علم الكتابة العربية / |
| 264 | 1 |
_aالقاهرة : _bمكتبة غريب، _c1977. |
|
| 300 | _a236ص | ||
| 650 | 1 | 7 | _aاللغة العربية |
| 650 | 1 | 7 | _aالكتابة |
| 650 | 1 | 7 | _aالخط |
| 942 |
_2ddc _cBK |
||
| 999 |
_c63371 _d63371 |
||